|
|
|
|
| LEADER |
00000nkm a2200000 a 4500 |
| 001 |
vtls010861955 |
| 003 |
SK-MaSNL |
| 005 |
20260512123351.0 |
| 007 |
kp bo |
| 008 |
231214s1923 xr g 00 kucze |
| 015 |
|
|
|a SNBG
|
| 035 |
|
|
|a E9F746E3-3928-41BD-952A-109FBCAAF0DF
|
| 035 |
|
|
|a urn:nbn:sk:snk-kmxzxr
|
| 035 |
|
|
|a urn:nbn:sk:snk-km007c7v
|
| 040 |
|
|
|a SNK
|b slo
|c SNK
|e AACR2
|
| 041 |
0 |
|
|a cze
|
| 043 |
|
|
|a e-xo---
|
| 044 |
|
|
|a xr
|c CZ
|
| 080 |
|
|
|a 551.332.56
|2 2001
|
| 080 |
|
|
|a 721
|2 2001
|
| 080 |
|
|
|a 908(437.6)
|2 2001
|
| 080 |
|
|
|a (084.121)
|2 2001
|
| 080 |
|
|
|a (234.372.4)
|2 2008
|
| 100 |
1 |
|
|a Chytil, Alois,
|d 1877-1949
|4 pht
|4 pbl
|9 61994
|
| 245 |
1 |
0 |
|a Vysoké Tatry
|h grafika
|b Štrbské pleso: Dom Jiskry z Brandýsa
|c fotogr. A. Chytil
|
| 260 |
|
|
|a Praha
|b A. Chytil
|c 1923
|
| 300 |
|
|
|a 1 pohľadnica
|b čiernobiela
|c 9 x 14 cm
|
| 650 |
0 |
7 |
|a horské plesá
|2 SNKPH
|9 171908
|
| 650 |
0 |
7 |
|a domy
|2 SNKPH
|9 29876
|
| 651 |
|
7 |
|a Vysoké Tatry (Poľsko a Slovensko : pohorie)
|2 SNKPHgeo
|9 67729
|
| 651 |
|
7 |
|a Slovensko
|2 SNKPH
|9 14231
|
| 651 |
|
7 |
|a Štrbské pleso (Vysoké Tatry, Slovensko)
|2 SNKPH
|9 174793
|
| 655 |
|
7 |
|a miestne pohľadnice
|2 SNKPH
|9 70510
|
| 852 |
|
|
|a Slovenská národná knižnica
|
| 958 |
|
|
|a GBN
|
| 958 |
|
|
|a GC
|
| 958 |
|
|
|a ONDV
|
| 999 |
|
|
|c 756739
|d 758669
|
| 952 |
|
|
|a SNK
|b SNK
|y PREZ
|7 0
|p 17A1163942
|o snkSP 4330
|0 0
|1 0
|4 0
|d 2015-08-19
|f 1
|l 0
|r 2026-02-23 23:51:56
|w 2026-02-23
|